000
00287nam a22001337a 4500
008
181003b xxu||||| |||| 00| 0 eng d
020
_a
9780897214261
041
_a
eng
080
_a
574
100
_a
9
101
_a
MJE
245
_a
Vines and Climbers
_c
Thomas,R.W
942
_2
udc
_c
BK
999
_c
48833
_d
48833